000 00402nam a2200145Ia 4500
008 211109s9999||||xx |||||||||||||| ||und||
082 _a894.8122
_bKRI-A
100 _aKrishna Pillai, N
245 0 _aAnuranjanam
260 _bNational Book Stall
_aKottayam
_c1956
300 _a138p.
630 _xGeneral Stack
650 _aMALAYALAM LITERATURE
_vMALAYALAM DRAMALITERATURE
_xGeneralia
942 _cBOOK
999 _c18294
_d18294